000 00323nam a2200133Ia 4500
005 20260328104328.0
008 260328s9999||||xx |||||||||||||| ||und||
100 _aHunt, Roger
245 0 _aNew Design for old Buildings /
_cRoger Hunt
260 _bRiba
300 _a158 p.
650 _aEDIFICIOS EN ALTURA
942 _cBK
999 _c11593
_d11593